[Event "Springs"]
[Site "SchemingMind.com"]
[Date "2023.04.11"]
[Round "-"]
[White "kenneth m day"]
[Black "ray winteringham"]
[Result "1-0"]
[WhiteCountry "USA"]
[BlackCountry "ENG"]
[WhiteElo "1697"]
[WhiteRD "63"]
[BlackElo "1452"]
[BlackRD "49"]
[GameID "732954"]

1. e4 e5 2. Nf3 d6 3. Bc4 h6 4. Nc3 Nf6 5. d4 exd4 6. Nxd4 Be7 7. Be3 a6 8. Qe2 O-O 9. O-O-O Bg4 10. f3 Bh5
11. g4 Bg6 12. h4 c5 13. Nf5 Bxf5 14. exf5 Nh7 15. Rdg1 Bxh4 16. Nd5 b5 17. Bd3 Nd7 18. Be4 Rb8 19. f4 Ndf6 20. Nxf6+ Bxf6
21. Rd1 c4 22. Qd2 Re8 23. Bf3 Rc8 24. Bd4 Qc7 25. Bxf6 Nxf6 26. Qxd6 Re3 27. Qxc7 Rxc7 28. Rd8+ Kh7 29. Bd1 a5 30. c3 b4
31. Kd2 Ree7 32. g5 Rcd7+ 33. Rxd7 Rxd7+ 34. Kc2 Ng8 35. Be2 Re7 36. Bxc4 Re4 37. Bxf7 Rxf4 38. Be6 Rf2+ 39. Kb3 bxc3 40. Kxc3 Ne7
41. g6+ Kh8 42. Rd1 Nc6 43. Rd6 Re2 44. Rxc6
1-0

[Event "Springs"]
[Site "SchemingMind.com"]
[Date "2023.04.11"]
[Round "-"]
[White "ray winteringham"]
[Black "kenneth m day"]
[Result "1/2-1/2"]
[WhiteCountry "ENG"]
[BlackCountry "USA"]
[WhiteElo "1452"]
[WhiteRD "49"]
[BlackElo "1697"]
[BlackRD "63"]
[GameID "732955"]

1. e4 e5 2. Bc4 Nf6 3. d3 d5 4. exd5 Be7 5. Nf3 O-O 6. Nxe5 Nbd7 7. Bf4 Re8 8. O-O Nxe5 9. Bxe5 Nxd5 10. Qf3 Nf6
11. Nc3 c6 12. Ne4 Be6 13. Bxe6 fxe6 14. Nxf6+ Bxf6 15. Bxf6 Qxf6 16. Qxf6 gxf6 17. Rae1 e5 18. f3 Rad8 19. f4 exf4 20. Rxe8+ Rxe8
21. Rxf4 Kg7 22. Kf2 Kg6 23. Kf3 Re1 24. Re4 Rc1 25. c4 Rc2 26. b3 Rxa2 27. Re7 b6 28. h3 Ra3 29. Rc7 Rxb3 30. Rxa7 Rxd3+
31. Ke2 Rc3 32. Rb7 Rxc4 33. Rxb6 c5 34. Rc6 Kf5 35. Kd3 Rd4+ 36. Kc3 Rd5 37. Kc4 Re5 38. Rxc5 Rxc5+ 39. Kxc5 Kf4 40. Kd5 Kg3
41. Ke6= Kxg2 42. Kxf6 Kxh3=
1/2-1/2

[Event "Springs"]
[Site "SchemingMind.com"]
[Date "2023.04.11"]
[Round "-"]
[White "Clive Everill"]
[Black "kenneth m day"]
[Result "0-1"]
[WhiteCountry "CZE"]
[BlackCountry "USA"]
[WhiteElo "1606"]
[WhiteRD "58"]
[BlackElo "1682"]
[BlackRD "62"]
[GameID "732966"]

1. Nf3 d5 2. d4 Nf6 3. e3 Bf5 4. c4 c6 5. Nc3 Nbd7 6. Be2 h6 7. O-O e6 8. Bd2 Be7 9. Rc1 O-O 10. Nh4 Bh7
11. g3 Re8 12. c5 b6 13. b4 bxc5 14. bxc5 Ne4 15. Ng2 Ndf6 16. f3 Nxc3 17. Bxc3 Qd7 18. Qd2 Bd8 19. Bd3 Bc7 20. Rfe1 Bxd3
21. Qxd3 e5 22. dxe5 Bxe5 23. Bd4 Bxd4 24. exd4 Rab8 25. Rxe8+ Rxe8 26. Nh4 Qe7 27. Kf2 Qb7 28. Rc2 Qb1 29. Qd2 Qh1 30. Rb2 Qxh2+
31. Ng2 Nh5 32. g4 Qg3+ 33. Kf1 Qxf3+ 34. Qf2 Qxg4 35. Ne3 Qxd4 36. Rb7 Nf6 37. Rb3 Ne4 38. Qc2 Nd2+ 39. Kg2 Nxb3 40. axb3 Qxe3
41. b4 Qe2+
0-1

[Event "Springs"]
[Site "SchemingMind.com"]
[Date "2023.04.12"]
[Round "-"]
[White "kenneth m day"]
[Black "Clive Everill"]
[Result "1-0"]
[WhiteCountry "USA"]
[BlackCountry "CZE"]
[WhiteElo "1707"]
[WhiteRD "59"]
[BlackElo "1654"]
[BlackRD "59"]
[GameID "732967"]

1. e4 c5 2. d4 cxd4 3. c3 dxc3 4. Nxc3 e6 5. Nf3 a6 6. Bc4 b5 7. Be2 Bb4 8. Bd2 Bb7 9. O-O Nf6 10. e5 Nd5
11. Nxd5 Bxd5 12. Bxb4 Nc6 13. Bd6 Ne7 14. b3 O-O 15. Rc1 Re8 16. Qd2 Nf5 17. Bb4 Qb6 18. Bc5 Qb7 19. Rc2 Rac8 20. Rfc1 Bc6
21. Qf4 h6 22. Rd2 Ne7 23. Rcd1 Nd5 24. Qg3 a5 25. Nd4 Nc3 26. Qxc3 Bxg2 27. Qg3 Be4 28. Bd6 b4 29. Bf3 Bxf3 30. Qxf3 Qb6
31. Rc2 Rxc2 32. Nxc2 Rc8 33. Ne3 Rc3 34. Qe4 Qd8 35. Qf4 Rc6 36. Qg3 Qc8 37. Ng4 Kh7 38. Qd3+ Kg8 39. Ne3 Rc3 40. Qd2 Qd8
41. Rc1 Qg5+ 42. Kf1 Rxc1+ 43. Qxc1 Qh5 44. Kg2 Qg5+ 45. Kh1 Qf4 46. Qc2 Qf3+ 47. Ng2 h5 48. h3 g5 49. Qd2 Qxh3+ 50. Kg1 Qg4
51. Kf1 h4 52. Qe2 Qf5 53. Bc7 h3 54. Ne3 Qe4 55. Kg1 Qf4 56. Bd6 f5 57. Qh5 g4 58. Qe8+ Kh7 59. Qxd7+ Kh8 60. Qe8+ Kh7
61. Qf7+ Kh8 62. Qf6+ Kh7 63. Qh4+ Kg8 64. Qd8+ Kh7 65. Qh4+ Kg8 66. Qg3 Qd4 67. Be7 Qa1+ 68. Kh2 Qxa2 69. Nxg4 fxg4 70. Qxg4+ Kf7
71. Bh4 Qxb3 72. Qh5+ Kf8 73. Qh8+ Kf7 74. Qh7+ Kf8 75. Qe7+ Kg8 76. Bf6
1-0

[Event "Springs"]
[Site "SchemingMind.com"]
[Date "2023.04.11"]
[Round "-"]
[White "Clive Everill"]
[Black "ray winteringham"]
[Result "1-0"]
[WhiteCountry "CZE"]
[BlackCountry "ENG"]
[WhiteElo "1661"]
[WhiteRD "58"]
[BlackElo "1456"]
[BlackRD "46"]
[GameID "732968"]

1. e4 e5 2. Nc3 Bb4 3. Nd5 Bc5 4. b4 Bxf2+ 5. Kxf2 Qh4+ 6. g3 Qxe4 7. Bg2 Qd4+ 8. Kf1 Qxa1 9. Nxc7+ Kd8 10. Nxa8 Qxa2
11. Qf3 Ne7 12. Qc3 Qa6+ 13. d3 Qc6 14. Bxc6
1-0

[Event "Springs"]
[Site "SchemingMind.com"]
[Date "2023.04.12"]
[Round "-"]
[White "ray winteringham"]
[Black "Clive Everill"]
[Result "0-1"]
[WhiteCountry "ENG"]
[BlackCountry "CZE"]
[WhiteElo "1456"]
[WhiteRD "46"]
[BlackElo "1661"]
[BlackRD "58"]
[GameID "732969"]

1. e4 d5 2. exd5 Qxd5 3. Nc3 Qa5 4. d3 c6 5. Bd2 Qc7 6. Be2 Nf6 7. h3 Bf5 8. Nf3 e6 9. a3 Bd6 10. Be3 Nbd7
11. Qd2 h6 12. Nd4 Bg6 13. g3 O-O-O 14. O-O-O Nb6 15. f4 Rhe8 16. Nb3 a6 17. Bf3 e5 18. Qf2 Nbd5 19. Nxd5 Nxd5 20. Bxd5 cxd5
21. Bb6 Qe7 22. Bxd8 Qxd8 23. f5 Qg5+ 24. Kb1 Bxf5 25. g4 Be6 26. Qa7 Kc7 27. Na5 Bc8 28. h4 Qe7 29. Rdf1 Bc5 30. Rxf7 Bxa7
31. Rxe7+ Rxe7 32. c4 dxc4 33. Nxc4 Bxg4 34. Re1 Bf2 35. Re4 Bf5 36. Rxe5 Bxd3+ 37. Ka1 Rf7 38. Nd2 Bxh4 39. Re3 Bb5 40. Nf3 Bf6
41. Kb1 Rd7 42. Kc2 g5
0-1

[Event "Springs"]
[Site "SchemingMind.com"]
[Date "2023.04.13"]
[Round "-"]
[White "David Hartley"]
[Black "Clive Everill"]
[Result "1/2-1/2"]
[WhiteCountry "ENG"]
[BlackCountry "CZE"]
[WhiteElo "1730"]
[WhiteRD "79"]
[BlackElo "1606"]
[BlackRD "58"]
[GameID "733007"]

1. d4 f5 2. g3 Nf6 3. Bg2 g6 4. Nf3 Bg7 5. c4 O-O 6. O-O e6 7. Nc3 d5 8. cxd5 exd5 9. e3 Nbd7 10. Ne5 c6
11. Bd2 Re8 12. Nf3 Nb6 13. b3 Ne4 14. Be1 a5 15. Rc1 a4 16. Nd2 axb3 17. Qxb3 Nxd2 18. Bxd2 Nc4 19. Be1 Ra3 20. Qc2 b5
21. Ra1 Ba6 22. Nb1 Ra4 23. Nc3 Ra3 24. Nb1=
1/2-1/2

[Event "Springs"]
[Site "SchemingMind.com"]
[Date "2023.04.12"]
[Round "-"]
[White "Clive Everill"]
[Black "David Hartley"]
[Result "1/2-1/2"]
[WhiteCountry "CZE"]
[BlackCountry "ENG"]
[WhiteElo "1606"]
[WhiteRD "58"]
[BlackElo "1707"]
[BlackRD "75"]
[GameID "733008"]

1. Nf3 d5 2. c3 c5 3. d4 e6 4. Bf4 Nf6 5. e3 Nc6 6. Nbd2 Bd6 7. Bg3 O-O 8. Bb5 Bd7 9. Bxd6 Re8 10. Bxc5 a6
11. Bd3 Rc8 12. O-O Qc7 13. Qc2 e5 14. Rfe1 e4 15. Be2 exf3 16. Bxf3 Bg4 17. Qd1 Bf5 18. h3 h6 19. a4 b6 20. Ba3 Be6
21. e4 dxe4 22. Nxe4 Nxe4 23. Bxe4 Bd7 24. Qc2 Nxd4 25. cxd4 Qxc2 26. Bxc2 Rxc2 27. Rxe8+ Bxe8 28. b3 Rd2 29. Re1 Bc6 30. Rc1 Bd5
31. b4 Rxd4 32. a5 bxa5 33. bxa5 Ra4 34. Rc5 Bc4=
1/2-1/2

[Event "Springs"]
[Site "SchemingMind.com"]
[Date "2023.04.17"]
[Round "-"]
[White "David Hartley"]
[Black "kenneth m day"]
[Result "1-0"]
[WhiteCountry "ENG"]
[BlackCountry "USA"]
[WhiteElo "1731"]
[WhiteRD "79"]
[BlackElo "1670"]
[BlackRD "62"]
[GameID "733009"]

1. d4 Nf6 2. c4 e5 3. dxe5 Ng4 4. Bf4 Nc6 5. Nf3 d6 6. exd6 Bxd6 7. Bxd6 cxd6 8. e3 O-O 9. Be2 Be6 10. O-O Rc8
11. Nbd2 Re8 12. Nd4 Nf6 13. Nxe6 Rxe6 14. b3 Re7 15. Nf3 h6 16. Qd2 Ne4 17. Qb2 Re6 18. Rad1 Qf6 19. Qxf6 Rxf6 20. Bd3 Nc5
21. Bc2 Rd8 22. Rd2 Nb4 23. Bb1 Ne6 24. a3 Nc6 25. Rfd1 Nc5 26. b4 Nb3 27. Rb2 Na1 28. Ba2 Kf8 29. Rxa1 g5 30. h3 Kg7
31. Rd2 Rd7 32. Rad1 Kg6 33. c5 h5 34. Rxd6 Rfxd6 35. Rxd6+
1-0

[Event "Springs"]
[Site "SchemingMind.com"]
[Date "2023.04.17"]
[Round "-"]
[White "kenneth m day"]
[Black "David Hartley"]
[Result "0-1"]
[WhiteCountry "USA"]
[BlackCountry "ENG"]
[WhiteElo "1707"]
[WhiteRD "59"]
[BlackElo "1774"]
[BlackRD "73"]
[GameID "733010"]

1. e4 c5 2. d4 cxd4 3. c3 dxc3 4. Nxc3 Nc6 5. Nf3 e6 6. Bc4 Qc7 7. O-O Nf6 8. Bb3 a6 9. h3 Be7 10. Be3 O-O
11. Rc1 Rd8 12. Re1 b5 13. e5 Ne8 14. Bf4 Bb7 15. Ne4 d5 16. Neg5 h6 17. Nxf7 Kxf7 18. Qd3 Bb4 19. Red1 Qe7 20. Qh7 Qf8
21. Bc2 Nc7 22. Bxh6 Qg8 23. Qg6+ Kf8 24. Bf4 Rd7 25. Ng5 Ke7 26. Qh5 Rf8 27. Bg3 Qh8 28. Nh7 Kd8 29. Bh4+ Kc8 30. Qg4 Rg8
31. a3 Be7 32. Bg3 Kb8 33. Bg6 Ka8 34. Ng5 Bxg5 35. Qxg5 Ne7 36. Bh5 g6 37. Bg4 Nf5 38. Bxf5 gxf5 39. Qe3 Qg7 40. Qf4 Kb8
41. Kh2 Qg5 42. Qxg5 Rxg5 43. Rd4 Ne8 44. Rc2 Ng7 45. Bf4 Rg6 46. Bg3 Rc7 47. Rdd2 Ne8 48. f4 Rgg7 49. Rc3 Rxc3 50. bxc3 Rc7
51. Rd3 Rc4
0-1

[Event "Springs"]
[Site "SchemingMind.com"]
[Date "2023.04.17"]
[Round "-"]
[White "David Hartley"]
[Black "ray winteringham"]
[Result "0-1"]
[WhiteCountry "ENG"]
[BlackCountry "ENG"]
[WhiteElo "1730"]
[WhiteRD "79"]
[BlackElo "1452"]
[BlackRD "49"]
[GameID "733011"]

1. d4 d5 2. c4 e6 3. Nc3 Bb4 4. e3 Nf6 5. Bd2 Bxc3 6. Bxc3 c6 7. b3 b6 8. Nf3 Bb7 9. Bd3 Nbd7 10. O-O Qc7
11. Qc2 dxc4 12. h3 cxd3 13. Qd2 c5 14. Qxd3 Bxf3 15. gxf3 O-O-O 16. Rac1 Kb7 17. Qb1 Qb8 18. dxc5 Nxc5 19. Kh1 Rhg8 20. Rg1 Ncd7
21. Rg2 Ka8 22. Rcg1 Qb7 23. e4 g6 24. Qb2 Nh5 25. Rc1 Nf4 26. Rd1 Nxg2
0-1

[Event "Springs"]
[Site "SchemingMind.com"]
[Date "2023.04.17"]
[Round "-"]
[White "ray winteringham"]
[Black "David Hartley"]
[Result "1-0"]
[WhiteCountry "ENG"]
[BlackCountry "ENG"]
[WhiteElo "1459"]
[WhiteRD "50"]
[BlackElo "1707"]
[BlackRD "75"]
[GameID "733012"]

1. g3 Nf6 2. Bg2 d5 3. d4 c6 4. Nf3 Bf5 5. Bd2 h6 6. b3 e6 7. O-O Nbd7 8. Nc3 Bd6 9. Nh4 Bh7 10. e3 O-O
11. Ne2 e5 12. c3 Re8 13. Nf3 e4 14. Ne1 Bf5 15. f3 exf3 16. Nxf3 Qe7 17. Re1 Qf8 18. a3 Re7 19. c4 dxc4 20. bxc4 Ree8
21. c5 Bc7 22. Qb3 Rab8 23. Nh4 Be6 24. Qc3 Nd5 25. Qc2 N7f6 26. e4 Ne7 27. e5 Nfd5 28. Rf1 Red8 29. Be4 b6 30. Bb4 Ne3
31. Qd3 Nxf1 32. Rxf1 Qe8 33. Bh7+ Kh8 34. Nf4 Bxe5 35. Nxe6 fxe6 36. cxb6 Rxd4 37. Qb1 axb6 38. Bxe7 Qxe7 39. Ng6+ Kxh7 40. Nxe7+
1-0

[Event "Springs"]
[Site "SchemingMind.com"]
[Date "2023.04.17"]
[Round "-"]
[White "pawngrabber"]
[Black "David Hartley"]
[Result "1-0"]
[WhiteCountry "ENG"]
[BlackCountry "ENG"]
[WhiteElo "1805"]
[WhiteRD "68"]
[BlackElo "1707"]
[BlackRD "75"]
[GameID "733019"]

1. d4 Nf6 2. c4 e6 3. g3 c5 4. d5 exd5 5. cxd5 b5 6. Bg2 d6 7. e4 Nbd7 8. Ne2 Be7 9. O-O O-O 10. b3 Rb8
11. Nbc3 a6 12. Bd2 Bb7 13. Nf4 Nb6 14. Nce2 Re8 15. Ba5 Nfd7 16. Nd3 Qc8 17. Bh3 Bd8 18. Rc1 Rxe4 19. f3 Re7 20. Nef4 Nxd5
21. Nxd5 Bxd5 22. Bc3 Qb7 23. Nf4 Nb6 24. Nh5 f6 25. f4 Rf7 26. f5 Qe7 27. Re1 Qf8 28. Bg2 Bxg2 29. Kxg2 Bc7 30. Re6 Re8
31. Qg4 Bd8 32. Rce1 Rxe6 33. Rxe6 Kh8 34. Nf4 Na8 35. Nd5 Nc7 36. Nxc7 Rxc7 37. Qe4 Be7 38. Bd2 Kg8 39. Bf4 d5 40. Qxd5
1-0

[Event "Springs"]
[Site "SchemingMind.com"]
[Date "2023.04.17"]
[Round "-"]
[White "David Hartley"]
[Black "pawngrabber"]
[Result "1-0"]
[WhiteCountry "ENG"]
[BlackCountry "ENG"]
[WhiteElo "1707"]
[WhiteRD "75"]
[BlackElo "1805"]
[BlackRD "68"]
[GameID "733020"]

1. d4 Nf6 2. c4 e6 3. Nc3 Bb4 4. Qc2 d5 5. a3 Bxc3+ 6. Qxc3 O-O 7. e3 Nbd7 8. Bd3 dxc4 9. Qxc4 Nb6 10. Qc2 Bd7
11. Nf3 a6 12. O-O Bb5 13. Bxb5 axb5 14. Bd2 Rc8 15. Rac1 Nc4 16. Bb4 Re8 17. Nd2 Nxd2 18. Qxd2 Nd5 19. Bc3 c5 20. dxc5 Nxc3
21. Qxc3 Qg5 22. Qb4 Rc7 23. Qxb5 Rec8 24. b4 Qd5 25. Rfd1 Qb3 26. Qa5 g6 27. h3 b6 28. Qxb6 Qxa3 29. Rb1 Kg7 30. Qb5 Ra8
31. Qc4
1-0

[Event "Springs"]
[Site "SchemingMind.com"]
[Date "2023.04.12"]
[Round "-"]
[White "pawngrabber"]
[Black "Clive Everill"]
[Result "1-0"]
[WhiteCountry "ENG"]
[BlackCountry "CZE"]
[WhiteElo "1828"]
[WhiteRD "66"]
[BlackElo "1661"]
[BlackRD "58"]
[GameID "733021"]

1. d4 d5 2. c4 Nf6 3. Nc3 e6 4. cxd5 Nxd5 5. e4 Nxc3 6. bxc3 c5 7. Bc4 cxd4 8. cxd4 Bb4+ 9. Bd2 Bxd2+ 10. Qxd2 O-O
11. Ne2 Nc6 12. O-O Ne5 13. Bb3 Ng6 14. Rfd1 b6 15. d5 e5 16. Ba4 Bb7 17. Rac1 Ne7 18. f3 f5 19. d6 Ng6 20. Rc7 Rb8
21. Rdc1 fxe4 22. Rxb7 Rxb7 23. Qd5+ Rbf7 24. d7 Ne7 25. Qxe5 exf3 26. gxf3 Kh8 27. Nd4 Ng6 28. Qe8 Qg5+ 29. Kf2 Qxc1 30. d8=Q Qd2+
31. Kg3 Qf4+ 32. Kf2 Qd2+ 33. Kg1 Qd1+ 34. Bxd1
1-0

[Event "Springs"]
[Site "SchemingMind.com"]
[Date "2023.04.12"]
[Round "-"]
[White "Clive Everill"]
[Black "pawngrabber"]
[Result "0-1"]
[WhiteCountry "CZE"]
[BlackCountry "ENG"]
[WhiteElo "1661"]
[WhiteRD "58"]
[BlackElo "1828"]
[BlackRD "66"]
[GameID "733022"]

1. e4 d6 2. d4 Nf6 3. f3 g6 4. Be3 Nbd7 5. Qd2 e5 6. Bd3 exd4 7. Bxd4 Bg7 8. Nc3 O-O 9. Nge2 Ne5 10. Bxe5 dxe5
11. O-O-O Be6 12. h3 c5 13. Bb5 Qa5 14. a3 Rfd8 15. Qe3 a6 16. Ba4 b5 17. Rxd8+ Rxd8 18. Bb3 Bxb3 19. cxb3 b4 20. Na4 bxa3
21. bxa3 Bf8 22. Rd1 Rxd1+ 23. Kxd1 c4 24. Qb6 Qxb6 25. Nxb6 cxb3 26. Nc4 Nd7 27. Kc1 Nc5 28. Kb2 f6 29. Nc3 Bh6 30. Nd5 Kf7
31. Nd6+ Ke6 32. Nc4 Bg5 33. Na5 f5 34. Nxb3 Na4+ 35. Kc2 Be7 36. Nxe7 Kxe7 37. Na5 Nc5 38. exf5 gxf5 39. g4 fxg4 40. hxg4 Kf6
41. Nc4 Ne6 42. Nd2 Kg5 43. Kd3 Kf4 44. a4 Ng5 45. Ke2 e4 46. fxe4 Nxe4 47. Nc4 Kxg4 48. a5 Nc5 49. Ne5+ Kg3 50. Ke3 h5
51. Nf3 Nb3 52. Ng1 Nxa5 53. Kd4 Nc6+ 54. Kc5 a5 55. Kb5 h4 56. Ka4 h3 57. Nxh3 Kxh3 58. Kb5 Kg3 59. Ka4 Kf3 60. Kb5 Ke3
61. Kc4 Ke4 62. Kb5 Kd5 63. Ka4 Kc5 64. Kb3 Kb5 65. Ka3 Nd4 66. Ka2 Kb4 67. Kb2 a4 68. Ka2 a3 69. Ka1 Kb3 70. Kb1 a2+
71. Ka1 Nc2#
0-1

[Event "Springs"]
[Site "SchemingMind.com"]
[Date "2023.04.12"]
[Round "-"]
[White "pawngrabber"]
[Black "kenneth m day"]
[Result "1-0"]
[WhiteCountry "ENG"]
[BlackCountry "USA"]
[WhiteElo "1805"]
[WhiteRD "68"]
[BlackElo "1682"]
[BlackRD "62"]
[GameID "733023"]

1. d4 Nf6 2. c4 e6 3. g3 d5 4. Bg2 c6 5. cxd5 exd5 6. Nf3 Be7 7. O-O O-O 8. Nc3 h6 9. Qb3 Nbd7 10. Bf4 b6
11. Rac1 Bb7 12. Qc2 Re8 13. Qd2 Ne4 14. Nxe4 dxe4 15. Ne5 Nf6 16. Nxc6 Bxc6 17. Rxc6 Rc8 18. Rfc1 Rxc6 19. Rxc6 Qd7 20. Rc7 Qa4
21. b3 Qa6 22. Rc6 Qb5 23. Qc2 Bd8 24. e3 Qd5 25. Bc7 Bxc7 26. Rxc7 Qa8 27. Qc4 a6 28. Qxf7+
1-0

[Event "Springs"]
[Site "SchemingMind.com"]
[Date "2023.04.12"]
[Round "-"]
[White "kenneth m day"]
[Black "pawngrabber"]
[Result "1/2-1/2"]
[WhiteCountry "USA"]
[BlackCountry "ENG"]
[WhiteElo "1682"]
[WhiteRD "62"]
[BlackElo "1805"]
[BlackRD "68"]
[GameID "733024"]

1. e4 d6 2. d4 Nf6 3. Nc3 g6 4. Nf3 Bg7 5. h3 c5 6. Be3 cxd4 7. Nxd4 O-O 8. Be2 Nc6 9. Qd2 Bd7 10. O-O-O Qa5
11. Kb1 Nxd4 12. Bxd4 Be6 13. f3 Rac8 14. a3 a6 15. g4 b5 16. Nd5 Qxd2 17. Nxf6+ Bxf6 18. Rxd2 Bg5 19. Rd3 Bc4 20. h4 Bxd3
21. Bxd3 Bf4 22. h5 g5 23. Re1 Rc6 24. e5 dxe5 25. Bxe5 Re6 26. Bc3 Rxe1+ 27. Bxe1 Rd8 28. Bb4 Rxd3 29. cxd3 e6 30. Kc2 f5
31. d4 Kf7 32. Kd3 fxg4 33. fxg4 Ke8 34. Ke4 Kd7 35. b3=
1/2-1/2

[Event "Springs"]
[Site "SchemingMind.com"]
[Date "2023.04.12"]
[Round "-"]
[White "pawngrabber"]
[Black "ray winteringham"]
[Result "1-0"]
[WhiteCountry "ENG"]
[BlackCountry "ENG"]
[WhiteElo "1828"]
[WhiteRD "66"]
[BlackElo "1456"]
[BlackRD "46"]
[GameID "733025"]

1. e4 e5 2. Nf3 d6 3. Bc4 h6 4. O-O Nf6 5. Nc3 Be7 6. d4 Bd7 7. dxe5 Nh7 8. Bf4 O-O 9. exd6 Bxd6 10. Bxd6 cxd6
11. Qxd6 Nc6 12. Rad1 Be6 13. Bxe6 Qxd6 14. Bxf7+ Rxf7 15. Rxd6 Nb4 16. a3 Nc6 17. Rfd1 Rff8 18. Rd7 b6 19. Rc7 Rfc8 20. Rdd7 Rxc7
21. Rxc7 Nd8 22. Nd5 Ne6 23. Re7 Nef8 24. Ne5 Rd8 25. Rxa7 Ne6 26. Rd7 Rc8 27. Ne7+ Kf8 28. Nxc8 Nf6 29. Rd6 Nc7 30. Rxb6
1-0

[Event "Springs"]
[Site "SchemingMind.com"]
[Date "2023.04.12"]
[Round "-"]
[White "ray winteringham"]
[Black "pawngrabber"]
[Result "0-1"]
[WhiteCountry "ENG"]
[BlackCountry "ENG"]
[WhiteElo "1456"]
[WhiteRD "46"]
[BlackElo "1828"]
[BlackRD "66"]
[GameID "733026"]

1. g3 Nf6 2. Nc3 d5 3. d4 e6 4. Bg2 c5 5. Nf3 Nc6 6. e3 cxd4 7. exd4 Be7 8. Be3 O-O 9. O-O Bc5 10. dxc5 e5
11. Bg5 Be6 12. Re1 h6 13. Bxf6 Qxf6 14. a3 Rad8 15. Nd2 Bf5 16. h4 Rfe8 17. Nxd5 Qg6 18. Ne3 Be6 19. Bxc6 bxc6 20. Qc1 Rd4
21. Nf3 Re4 22. Nd2 Rxh4 23. Kf1 Rh2 24. Ke2 Qh5+ 25. Nf3 e4 26. g4 exf3+ 27. Kxf3 Qh3+ 28. Ke2 Bxg4+ 29. Kd2 Rxf2+ 30. Kc3 Rf3
31. b4 Rfxe3+ 32. Rxe3 Qxe3+ 33. Kb2 Qxc1+ 34. Rxc1 Re2 35. Kb3 Bf5 36. c3 h5
0-1

[Event "Springs"]
[Site "SchemingMind.com"]
[Date "2023.04.24"]
[Round "-"]
[White "pawngrabber"]
[Black "Arnold Jones"]
[Result "1-0"]
[WhiteCountry "ENG"]
[BlackCountry "ENG"]
[WhiteElo "1828"]
[WhiteRD "66"]
[BlackElo "1562"]
[BlackRD "60"]
[GameID "733439"]

1. d4 Nf6 2. c4 d5 3. Nc3 c6 4. g3 Bf5 5. cxd5 cxd5 6. Bg2 e6 7. Nf3 Bb4 8. Bd2 Nc6 9. O-O Bxc3 10. Bxc3 O-O
11. Nd2 Qc7 12. Rc1 Qb6 13. e3 Bd3 14. Re1 Qa6 15. Nb3 b6 16. a3 Nd7 17. Qd2 Bc4 18. Na1 Na5 19. Bxa5 bxa5 20. Bf1 Bxf1
21. Rxf1 a4 22. Rc7 Qb5 23. Rfc1 a5 24. Qc3 Rab8 25. Nc2 Qxb2 26. Qxb2 Rxb2 27. Rxd7 Rc8 28. Ra7 g6 29. Rxa5 Rcxc2 30. Rxc2 Rxc2
31. Rxa4 Ra2 32. Ra8+ Kg7 33. a4 Ra1+ 34. Kg2 Kf6 35. a5 Ke7 36. a6 Kd6 37. a7 Kc7 38. Rf8 Kb7 39. Rxf7+ Ka8 40. Rxh7 Rxa7
41. Rxa7+ Kxa7 42. h4 Kb7 43. g4 Kc7 44. f4 Kd7 45. Kf3 Ke7 46. e4 dxe4+ 47. Kxe4 Kf7 48. Ke5 Ke7 49. d5 exd5 50. Kxd5 Kf7
51. Ke5 Kg7 52. f5 gxf5 53. Kxf5 Kh7 54. g5
1-0

[Event "Springs"]
[Site "SchemingMind.com"]
[Date "2023.04.24"]
[Round "-"]
[White "Arnold Jones"]
[Black "pawngrabber"]
[Result "0-1"]
[WhiteCountry "ENG"]
[BlackCountry "ENG"]
[WhiteElo "1562"]
[WhiteRD "60"]
[BlackElo "1828"]
[BlackRD "66"]
[GameID "733440"]

1. d4 Nf6 2. c4 e6 3. Nc3 Bb4 4. Qc2 d5 5. Bg5 O-O 6. O-O-O Be7 7. Bxf6 Bxf6 8. Nf3 c6 9. e4 dxe4 10. Nxe4 Be7
11. Be2 Nd7 12. h4 b5 13. c5 a5 14. Ne5 Qc7 15. Nd3 b4 16. f4 b3 17. Qxb3 Rb8 18. Qc2 Ba6 19. Nef2 Rb7 20. g4 Bxd3
21. Nxd3 Bf6 22. Ne5 Rfb8 23. b3 a4 24. Rd3 axb3 25. Rxb3 Rxb3 26. axb3 Ra8 27. Qb2 Nxe5 28. fxe5 Be7 29. Kc2 Qd8 30. g5 Qd5
31. Ra1 Qe4+ 32. Bd3 Qg2+ 33. Kc3 Qxb2+ 34. Kxb2 Rxa1 35. Kxa1 f5 36. Kb1 Kf7 37. Bc4 g6 38. Ba6 Ke8 39. Kc2 Kd7 40. b4 Bf8
41. Bc4 h6 42. gxh6 Bxh6 43. Bf1 Be3 44. Kd3 Bf2 45. Kc4 Bxh4 46. b5 cxb5+ 47. Kxb5 Kc7 48. d5 exd5 49. e6 Be7 50. Kb4 g5
51. Bg2 Kc6 52. Bf1 Bxc5+ 53. Kb3 Kd6
0-1

[Event "Springs"]
[Site "SchemingMind.com"]
[Date "2023.04.24"]
[Round "-"]
[White "David Hartley"]
[Black "Arnold Jones"]
[Result "1-0"]
[WhiteCountry "ENG"]
[BlackCountry "ENG"]
[WhiteElo "1707"]
[WhiteRD "75"]
[BlackElo "1603"]
[BlackRD "66"]
[GameID "733441"]

1. d4 Nf6 2. c4 e6 3. Nc3 Bb4 4. Qc2 O-O 5. a3 Ba5 6. b4 Bxb4 7. axb4 Nc6 8. Ba3 Nxd4 9. Qd3 e5 10. e3 Ne6
11. Nge2 d6 12. g3 Bd7 13. Bg2 Qb8 14. O-O c6 15. b5 c5 16. Rfd1 Ne8 17. Ne4 f5 18. Nxd6 Nxd6 19. Qxd6 Qxd6 20. Rxd6 Bc8
21. Bd5 Kf7 22. Bxc5 b6 23. Bb4 Rb8 24. Rxa7+ Kf6 25. f4 Re8 26. Bc3 Kg6 27. fxe5 Kh6 28. Nf4 g6 29. Bxe6 Bxe6 30. Nxe6 Rg8
31. Bd2
1-0

[Event "Springs"]
[Site "SchemingMind.com"]
[Date "2023.04.26"]
[Round "-"]
[White "Arnold Jones"]
[Black "David Hartley"]
[Result "0-1"]
[WhiteCountry "ENG"]
[BlackCountry "ENG"]
[WhiteElo "1528"]
[WhiteRD "60"]
[BlackElo "1731"]
[BlackRD "79"]
[GameID "733442"]

1. d4 Nf6 2. c4 e6 3. Bg5 h6 4. Bh4 Bb4+ 5. Nd2 c5 6. Nf3 g5 7. Bg3 d6 8. dxc5 Bxc5 9. e3 Nc6 10. Be2 d5
11. O-O Nh5 12. Nb3 Nxg3 13. hxg3 Be7 14. c5 Bd7 15. Bd3 Rc8 16. Qd2 Bf6 17. Rac1 e5 18. e4 d4 19. Ne1 Qc7 20. f3 Be6
21. Bc4 Qd7 22. Bxe6 Qxe6 23. Nd3 O-O 24. Nf2 Kg7 25. Nd3 Rh8 26. Kf2 g4 27. f4 exf4 28. Rce1 fxg3+ 29. Kg1 Rcd8 30. Nf4 Qe5
31. Qd3 Qg5 32. Qxg3 Be5 33. Nc1 Bxf4 34. Rxf4 h5 35. Ref1 Rhf8 36. Qb3 Rd7 37. Nd3 Re7 38. Qd5 Qg6 39. Rf5 Qe6 40. Rg5+ Kh7
41. Rxh5+ Kg7 42. Qg5+ Qg6 43. Nf4 Qxg5 44. Rxg5+ Kh6 45. Rxg4 Ne5 46. Rg3 Rd8 47. Kf2 Ng6 48. Rh1+ Kg7 49. Nh5+ Kf8 50. Nf6 Re6
51. Rf3 Ke7 52. Nd5+ Kf8 53. Nf6 Ke7 54. Nd5+ Kf8= 55. Rfh3 Kg8 56. Kf3 Re5 57. Rg3 Kg7 58. Rd1 f5 59. exf5 Rxf5+ 60. Nf4 Rxf4+
61. Ke2 Kf6 62. Rf3 Rxf3 63. gxf3 Ke5 64. Rh1 Rh8 65. Rxh8 Nxh8 66. b4 Ng6 67. Kd2 Nf4 68. a4 Kd5 69. Kc2 Kc4
0-1

[Event "Springs"]
[Site "SchemingMind.com"]
[Date "2023.04.24"]
[Round "-"]
[White "Clive Everill"]
[Black "Arnold Jones"]
[Result "0-1"]
[WhiteCountry "CZE"]
[BlackCountry "ENG"]
[WhiteElo "1606"]
[WhiteRD "58"]
[BlackElo "1581"]
[BlackRD "62"]
[GameID "733443"]

1. e4 Nc6 2. d4 d5 3. Nc3 dxe4 4. d5 Ne5 5. Bf4 Ng6 6. Bg3 Nf6 7. Bc4 Bg4 8. Qd2 e6 9. h3 Bh5 10. Nge2 Bb4
11. a3 Bxc3 12. Nxc3 O-O 13. O-O e5 14. Qg5 h6 15. Qe3 Re8 16. Kh2 Nd7 17. Nxe4 f5 18. d6+ Kh8 19. dxc7 Qe7 20. Bf7 f4
21. Bxf4 exf4 22. Qb3 Nb6 23. Bxe8 Rxe8 24. Rae1 Ne5 25. f3 Bf7 26. Qc3 Bc4 27. Rf2 Qxc7 28. b3 Nd5 29. Qxc4 Nxc4 30. bxc4 Ne3
31. c5 Qa5 32. Rfe2 Qxa3 33. Nd6 Rf8 34. Nxb7 Rc8 35. g3 g5 36. gxf4 gxf4 37. Rg1 Qa6 38. Nd6 Qxe2+
0-1